<?xml version="1.0" encoding="UTF-8"?>
<record
    xmlns:xsi="http://www.w3.org/2001/XMLSchema-instance"
    xsi:schemaLocation="http://www.loc.gov/MARC21/slim http://www.loc.gov/standards/marcxml/schema/MARC21slim.xsd"
    xmlns="http://www.loc.gov/MARC21/slim">

  <leader>00433nam a2200157Ia 4500</leader>
  <controlfield tag="008">230718s9999    xx            000 0 und d</controlfield>
  <datafield tag="041" ind1=" " ind2=" ">
    <subfield code="a">eng</subfield>
  </datafield>
  <datafield tag="082" ind1=" " ind2=" ">
    <subfield code="a">621.48'954</subfield>
    <subfield code="b">IYE</subfield>
  </datafield>
  <datafield tag="100" ind1=" " ind2=" ">
    <subfield code="a">Iyengar P.K.</subfield>
    <subfield code="9">172499</subfield>
  </datafield>
  <datafield tag="245" ind1=" " ind2=" ">
    <subfield code="a">Briefings On Nuclear Technology In India</subfield>
  </datafield>
  <datafield tag="260" ind1=" " ind2=" ">
    <subfield code="c">2009</subfield>
    <subfield code="b">Rupa.Co</subfield>
  </datafield>
  <datafield tag="300" ind1=" " ind2=" ">
    <subfield code="a">191</subfield>
  </datafield>
  <datafield tag="365" ind1=" " ind2=" ">
    <subfield code="c">Rs.</subfield>
    <subfield code="b">495.00</subfield>
  </datafield>
  <datafield tag="700" ind1=" " ind2=" ">
    <subfield code="a">Iyengar P.K.</subfield>
    <subfield code="9">172499</subfield>
  </datafield>
  <datafield tag="906" ind1=" " ind2=" ">
    <subfield code="d">O:0059122-Feb-2010B:289907-Jan-2010</subfield>
    <subfield code="c">ETC </subfield>
    <subfield code="b">99</subfield>
  </datafield>
  <datafield tag="999" ind1=" " ind2=" ">
    <subfield code="c">324199</subfield>
    <subfield code="d">324199</subfield>
  </datafield>
  <datafield tag="952" ind1=" " ind2=" ">
    <subfield code="0">0</subfield>
    <subfield code="1">0</subfield>
    <subfield code="4">0</subfield>
    <subfield code="7">0</subfield>
    <subfield code="a">CCEP</subfield>
    <subfield code="b">CCEP</subfield>
    <subfield code="d">2010-02-22</subfield>
    <subfield code="e">Tbs</subfield>
    <subfield code="f">ETC </subfield>
    <subfield code="g">396.00</subfield>
    <subfield code="i">2899</subfield>
    <subfield code="l">0</subfield>
    <subfield code="o">621.48'954</subfield>
    <subfield code="p">CCEP-BK-35406</subfield>
    <subfield code="r">2023-07-18 00:00:00</subfield>
    <subfield code="t">99</subfield>
    <subfield code="v">495.00</subfield>
    <subfield code="w">2010-01-07</subfield>
    <subfield code="y">BK</subfield>
    <subfield code="z">035406</subfield>
  </datafield>
</record>
